1963 1398 1447 1403 1390 1949 1902 1975 1070 1458 1284 1934 1256 1978 1631 1138 1491 1682 1151 1511 1980 1925 1721 1616 1071 1612 1216 1047 1461 1616 1812 1685 1290 1240 1452 1983 1210 1313 1807 1724 1001 1233 1881 1690 1306 1433 1059 1420 1484 1792 1411 1367 1682 1554 1609 1366 1612 1829 1881 1834 1824 1304 1383 1233 1384 1804 1799 1417 1852 1969 1248 1071 1935 1352 1419 1001 1452 1125 1028 1703 1382 1207 1677 1661 1596 1989 1965 1704 1961 1714 1241 1622 1020 1529 1105 1462 1738 1669 1294 BCNSPRNW ULIB Ver.6.0+V

เปลี่ยนเป็นภาษาไทย

Change to English
 แสดงรายละเอียดบรรณานุกรม
  กลับหน้าหลัก

Brief Record : Get Marc (ISO 2709) : E-mail record : QR code < ปิดหน้าต่าง
LEADER : 00000nam 2200000uu 4500
001    13399110457
003     ULIB
008    110601s2552||||th 000 0 tha d
020    9789748182841
060 04 WO100^bว865ต 2552
245 00 ตำราศัลยศาสตร์ :^bพื้นฐานศัลยศาสตร์และอาการของโรคศัลยกรรมสำหรับแพทย์เวชปฏิบัติทั่วไป = Essential surgical symptomatology and sciences for general practitioner /^cบรรณาธิการ, วุฒิชัย ธนาพงศธร, ปริญญา อัครานุรักษ์กุล
246 31 Essential surgical symptomatology and sciences for generalpractitioner
250    พิมพ์ครั้งที่ 1
260    กรุงเทพฯ :^bภาควิชาศัลยศาสตร์ คณะแพทยศาสตร์มหาวิทยาลัยศรีนครินทรวิโรฒ,^c2552
300    406 หน้า :^bภาพประกอบ ;^c30 ซม.
650  7 ศัลยศาสตร์
700 0  วุฒิชัย ธนาพงศธร,^eบรรณาธิการ
700 0  ปริญญา อัครานุรักษ์กุล,^eบรรณาธิการ
710 2  มหาวิทยาลัยศรีนครินทรวิโรฒ. ^bคณะแพทยศาสตร์.^bภาควิชาศัลยศาสตร์
945    ^p550^l0^i026889
945    ^p550^l0^i026888
945    ^p550^l0^i026887
945    ^p550^l0^i026886
995    ทศพร
999 ^a ใช้งานได้ทุกระบบ
รายการนี้ยังไม่มีแท็ก
คุณยังไม่ได้ล็อกอิน คุณสามารถมีกิจกรรมร่วมกับเว็บไซต์ได้ แต่ต้องล็อกอินก่อน ::
  ล็อกอิน

รายการสื่อสารสนเทศ

ลำดับที่ ประเภท เลขเรียก/บาร์โค้ด สถานที่ สถานะ
- ไม่พบข้อมูล -

รายการใกล้เคียง
    หัวเรื่อง [ศัลยศาสตร์]

BibComment


ยังไม่เคยถูกคอมเมนท์

คอมเมนท์ทรัพยากรรายการนี้
  คอมเมนท์: ตำราศัลยศาสตร์ พ..


 Copyright 2026. Bcnsprnw @Library